Das Feuerschiff

Shranjeno v:
Bibliografske podrobnosti
Glavni avtor: Lenz, Siegfried
Format: Knjiga
Jezik:Undetermined
Izdano: Dänemark Grafisk Forlag 1975
Teme:
Oznake: Označite
Brez oznak, prvi označite!

MARC

LEADER 00000nam a2200000Ia 4500
008 170316s9999 xx 000 0 und d
040 |a cru BVZT 
090 |a 830 L-2d 
100 |a Lenz, Siegfried 
245 |a Das Feuerschiff 
260 |a Dänemark 
260 |b Grafisk Forlag 
260 |c 1975 
300 |a 85 páginas 
650 |a LITERATURA ALEMANA 
999 |c 7387  |d 7387 
942 |c 15 D  |h 830 L-2d  |2 z